000 01156cab a2200205 4500
001 ##L131611
008 051121n2005 000 0 eng u
035 _a(Sirsi) u131611
041 0 _aeng
110 1 _aUnited Kingdom
_bOffice of the Deputy Prime Minister
245 0 0 _aHome Information Packs go-live date announced
260 _c2005
490 0 _aODPM News Release
_v(2005/0233) 17 November 2005
520 _aHome Information Packs (HIPs) which the UK government is introducing to reform the home buying and selling process, will become mandatory from 1 June 2007. HIPs will significantly reduce the number of failed sale transactions. A HIP is expected to cost around £600+VAT for the average home. Most of the transaction costs are currently paid by the buyer
590 _aIKA221105
650 _aHOUSING ACT 2004 PART V
690 _aPROPERTY-RESIDENTIAL PROPERTY-ACQUISITION AND DISPOSAL OF RESIDENTIAL PROPERTY-HOME BUYING REFORM
856 4 0 _uhttps://webarchive.nationalarchives.gov.uk/+/http://www.communities.gov.uk/index.asp?id=1002882&PressNoticeID=1996
_zView the news release free of charge at www.dclg.gov.uk...
942 _n0
999 _c76196
_d76196